Nuevamente sobre la naturaleza del APE (Registro nro. 11824)

Detalles MARC
000 -LEADER
fixed length control field 00306 a2200109 4500
001 - CONTROL NUMBER
control field ART_7465
005 - DATE AND TIME OF LATEST TRANSACTION
control field 20260410161624.0
008 - FIXED-LENGTH DATA ELEMENTS--GENERAL INFORMATION
fixed length control field 260409a
100 1# - MAIN ENTRY--PERSONAL NAME
Personal name Junyent Bas, Francisco
245 10 - TITLE STATEMENT
Title Nuevamente sobre la naturaleza del APE
773 0# - HOST ITEM ENTRY
Title Enfoques
Related parts - Nº 8 (ago. 2012)
Record control number REV416

No hay ítems disponibles.